Obras escogidas

Đã lưu trong:
Chi tiết về thư mục
Tác giả chính: Gallardo, José Carlos
Định dạng: Sách
Ngôn ngữ:Undetermined
Được phát hành: Madrid, España D.E.F. de Angulo 1928
Những chủ đề:
Các nhãn: Thêm thẻ
Không có thẻ, Là người đầu tiên thẻ bản ghi này!

MARC

LEADER 00000nam a2200000Ia 4500
008 170316s9999 xx 000 0 und d
040 |a cru BVZT 
090 |a 862 G-3o 
100 |a Gallardo, José Carlos 
245 |a Obras escogidas 
260 |a Madrid, España  |b D.E.F. de Angulo  |c 1928 
300 |a 322 páginas Tomo 2. 
650 |a LITERATURA ESPAÑOLA 
999 |c 9932  |d 9932 
942 |c 15 D  |h 862 G-3o  |2 z